Planning for basic needs (Record no. 476125)

MARC details
000 -LEADER
fixed length control field 00825nam a2200265Ia 4500
003 - CONTROL NUMBER IDENTIFIER
control field OSt
005 - DATE AND TIME OF LATEST TRANSACTION
control field 20220925164932.0
008 - FIXED-LENGTH DATA ELEMENTS--GENERAL INFORMATION
fixed length control field 220923b |||||||| |||| 00| 0 eng d
020 ## - INTERNATIONAL STANDARD BOOK NUMBER
International Standard Book Number 0 566 05680 1
037 ## - SOURCE OF ACQUISITION
Terms of availability General Book
040 ## - CATALOGING SOURCE
Original cataloging agency RTL
Transcribing agency RTL
Language of cataloging eng
041 ## - LANGUAGE CODE
Source of code eng
Language code of text/sound track or separate title eng
100 ## - MAIN ENTRY--PERSONAL NAME
Personal name Van Der Hoever Rolph
9 (RLIN) 231773
245 #0 - TITLE STATEMENT
Title Planning for basic needs
Remainder of title A soft option or a solid policy
260 ## - PUBLICATION, DISTRIBUTION, ETC.
Place of publication, distribution, etc. Aldershot
Name of publisher, distributor, etc. Gower
Date of publication, distribution, etc. 1988
300 ## - PHYSICAL DESCRIPTION
Extent xvii,380p.
Dimensions cm.
490 ## - SERIES STATEMENT
Series statement International Labour Office World Employment programme
500 ## - GENERAL NOTE
General note Bibliography P 343-365
650 ## - SUBJECT ADDED ENTRY--TOPICAL TERM
Topical term or geographic name entry element Planned Economy
9 (RLIN) 231774
942 ## - ADDED ENTRY ELEMENTS (KOHA)
Classification part X:75:(B).687.N8, M8
Koha item type General Books
Source of classification or shelving scheme Colon Classification (CC)
Holdings
Withdrawn status Lost status Damaged status Not for loan Home library Current library Date acquired Total Checkouts Full call number Barcode Date last seen Price effective from Koha item type
        Ratan Tata Library Ratan Tata Library 2022-09-25   X:75:(B).687.N8 M8 RT1006251 2022-09-25 2022-09-25 General Books
Copyright @ Delhi University Library System